| 000 | 01027nam a22003137a 4500 | ||
|---|---|---|---|
| 003 | CHAP | ||
| 005 | 20220329134334.0 | ||
| 008 | 971013s r 00010 d | ||
| 010 | _a18998 | ||
| 011 | _a19970 | ||
| 035 | _a24057 | ||
| 040 | _cCHAP | ||
| 090 | _aFolleto 4478 | ||
| 100 | 0 | 0 |
_aDíaz de León, Francisco. _933442 |
| 245 | _aConsejo para editar libros | ||
| 260 |
_aMéxico, D.F. : _bSecretaría de Educación Pública, _c(s.a.) |
||
| 300 | _a38 p. | ||
| 490 | _aBiblioteca del Consejo Nacional Técnico de la Educación | ||
| 590 |
_aBATCH-UPD _b10 _c20130110 _lUCH01 _h0150 |
||
| 590 |
_aBATCH-UPD _b10 _c20130110 _lUCH01 _h2049 |
||
| 590 |
_aBATCH-UPD _b10 _c20130410 _lUCH01 _h1402 |
||
| 590 |
_aBATCH-UPD _b10 _c20130914 _lUCH01 _h0619 |
||
| 590 |
_aCONVERSION _b10 _c20130109 _lUCH01 _h1312 |
||
| 650 | 1 | 4 |
_aLibros _xTrabajos editoriales. _966670 |
| 830 | 0 |
_aBiblioteca del Consejo Nacional Técnico de la Educación _912357 |
|
| 901 | _aBK | ||
| 942 | _cFOLL | ||
| 949 |
_bBC _cFOLL _d-55642 _eTS1 _i24057 _mD _si |
||
| 999 |
_c18998 _d18998 |
||